000 00345nam a2200133 i 4500
001 bg
100 1 _aRAVIC, J. I.
245 0 _aMetody issledovanija polprovodnikow v primenenii k chalkogenidam svinca /
_cI.J. Ravic.
260 _aMoskva,
_c1968.
040 _cBPK
041 _apol
942 _cKS
008 s pl f |000 0 pol
999 _c12307
_d12307
856 _uhttp://koha.tu.koszalin.pl/cgi-bin/koha/opac-detail.pl?biblionumber=12307
_yKatalog online BPK